Argumentos para películas /

Αποθηκεύτηκε σε:
Λεπτομέρειες βιβλιογραφικής εγγραφής
Κύριος συγγραφέας: Pessoa, Fernando (guión)
Άλλοι συγγραφείς: Ferrari, Patricio (edición) (edición), Fischer, Claudia J. (edición) (edición), López Gallego, Guillermo (traducción) (traducción)
Μορφή: Βιβλίο
Γλώσσα:Ισπανικά
Έκδοση: Madrid, España : La Umbría y la Solana, 2017, c2017
Σειρά:(Autores Portugueses)
Θέματα:
Ετικέτες: Προσθήκη ετικέτας
Δεν υπάρχουν, Καταχωρήστε ετικέτα πρώτοι!

MARC

LEADER 00000nam^a2200000^a^4500
001 000410582
005 20250521000000.0
009 20260310122050.864
020 |a 978-84-946988-3-5 
037 |a Acervo ITESO - Biblioteca 
041 |a ESP 
082 |a 302. 23509469  |b PES 
100 |a Pessoa, Fernando  |e (guión) 
245 1 0 |a Argumentos para películas /  |c Argumentos de F. Pessoa ; ed. e introd. de P. Ferrari, C.J. Fischer ; tr. por G. López Gallego. 
264 4 |a Madrid, España :  |b La Umbría y la Solana,  |c 2017, c2017 
300 |a 112 p. 
336 |a texto  |b txt  |2 rdacontenido 
337 |a sin mediación  |b n  |2 rdamedio 
338 |a volumen  |b nc  |2 rdasoporte 
440 1 |a (Autores Portugueses) 
500 |a Traducción de: Argumentos para filmes 
521 |a FIL 2018 DIA 
545 0 |a Fernando Pessoa (Lisboa, 1888-1935), escritor portugués, considerado uno de los mayores poetas de la literatura universal. Radicó durante su infancia y adolescencia en Sudáfrica (1896-1905), donde recibió una educación británica. Regresó definitivamente a Portugal y se dedicó desde 1908 a la traducción de correspondencia comercial, profesión que le daba gran margen de tiempo para consagrarlo a la literatura. Autor de Antínoo: un poema (1918), 35 sonetos (1918) y Poemas ingleses I, II y III (1921), en lengua inglesa, y Mensaje (1933), colección de poemas sobre grandes personajes históricos portugueses, en su idioma materno. La mayor parte de sus obras publicadas en vida aparecieron dispersas en revistas, como Aguila, Orfeo –seno del movimiento modernista portugués-, Atenea, Presencia y Sudoeste: Cuadernos de Almada Negreiros. Tradujo asimismo autores de lengua inglesa, como William Shakespeare y Edgar Allan Poe, al portugués y a escritores lusos, como António Botto y Almada Negreiros, al inglés. Su creación de múltiples personalidades poéticas con identidades y estilos propios –como Alberto Caeiro, Alvaro de Campos o Ricardo Reis- y su enorme obra –tanto en poesía como en prosa- que permanecía inédita al momento de su muerte han sido objeto de numerosas ediciones, antologías, estudios y adaptaciones musicales. Algunos títulos de esa bibliografía póstuma son: Los poemas de Alberto Caeiro, Los poemas de Alvaro de Campos y Los poemas de Ricardo Reis; el Libro del desasosiego y Plural de nadie; los volúmenes narrativos El arte de razonar, Una cena muy original, La educación del estoico, La hora del Diablo y Quaresma, descifrador: relatos policíacos; la selección de ensayos Sobre literatura y arte; Cartas de amor; Fausto: tragedia subjetiva y El marinero: drama estático en un cuadro: en la floresta del enajenamiento. 
649 |a XX 
650 |a Guiones Cinematográficos -  |z Portugal -  |x Tema Principal 
650 |a Literatura y Cine -  |z Portugal -  |x Tema Principal 
650 |a Modernismo (Literatura) -  |z Portugal 
650 |a Literatura Portuguesa -  |x Historia y Crítica 
650 |a Literatura Portuguesa -  |y Siglo XX 
700 |a Ferrari, Patricio  |e (edición) 
700 |a Fischer, Claudia J.  |e (edición) 
700 |a López Gallego, Guillermo  |e (traducción) 
910 |a Fondo General 
920 |a Impresos - Libros 
930 |a Colección General 
905 |a 101 
901 |a 0500311456  |b IT1  |c ACC  |i C164119  |u 20250521 
902 |a https://opac.biblio.iteso.mx/vufind/Record/000410582